000 00726nam a2200217 i 4500
001 188536
003 ES-MaACL
005 20250723063402.0
008 181214s1965 sp |||| | spa d
100 1 _aWelles, Orson,
_d1915-1985
_9116444
245 1 0 _aCiudadano Kane /
_cOrson Welles ; prólogo [y traducción] de Ricardo Díaz-Delgado.
260 _aBarcelona :
_bAymá,
_c1965.
300 _a178 p., 10 lám. ;
_c19 cm.
490 1 _aVoz imagen.
_aCine ;
_v11
655 7 _2tgfbne
_aGuiones cinematográficos
_9234355
700 1 _aDíaz-Delgado Estévanez, Ricardo.
_944261
830 1 _aVoz imagen.
_aCine ;
_v11
_9193071
852 _aES-MaACL
_jP-155-bis-8
942 _2udc
999 _c188536
_d188536